000 00659nam a22002537a 4500
001 095
003 DO-SdBNP
005 20180202105208.0
007 095
008 151005b19uu sp 00| 0 spa d
020 _a8470021184
040 _aBPMSU
_bspa
_cBPMSU
092 _aXXXX
_bXXXX
100 1 _aCollins, Wilkie
245 1 0 _aPor falta de pruebas /
_cWilkie Collins ; traducción José Ma. Roca
260 _aBarcelona :
_bLitografía Rosés,
_c[19--].
300 _a110 p. :
_c18 cm.
490 1 _aEl observador
_v65
700 1 2 _aRoca, José Ma.
_etrad.
830 0 _aEl observador
_n65
910 _a202
942 _2ddc
_cBK
956 _aYLOCKWARD
_b10
_cBPMSU
999 _c8556
_d8556